[Event "Under 1300 knightworm78 Invitational #3"]
[Site "SchemingMind.com"]
[Date "2019.03.31"]
[Round "-"]
[White "Henk Miedema"]
[Black "Bacon"]
[Result "0-1"]
[WhiteCountry "NED"]
[BlackCountry "BER"]
[WhiteElo "930"]
[WhiteRD "75"]
[BlackElo "1162"]
[BlackRD "96"]
[GameID "439793"]

1. d4 d5 2. e3 Nc6 3. Nf3 Bf5 4. Bb5 a6 5. Be2 Nb4 6. O-O Nxc2 7. Bd3 Nxa1 8. Bxf5 e6 9. Qa4+ b5 10. Qd1 c6
11. Qe1 exf5 12. Ne5 Qc7 13. f4 Nf6 14. b3 Ne4 15. Bd2 f6 16. Ba5 Qd6 17. Bb4 c5 18. Nd3 cxb4 19. a3 bxa3 20. b4 g6
21. Qe2 a5 22. Nc5 Qc7 23. Qe1 Nc2 24. Qe2 Nxb4 25. Qxb5+ Kf7 26. Nxa3 Bxc5 27. Qe2 Bb6 28. Rd1 Nc3 29. Qd2 Nxd1 30. Qxd1 Rhc8
31. Nb5 Qc1 32. Nd6+ Ke6 33. Nxc8 Qxd1+ 34. Kf2 Nd3+ 35. Kg3 Rxc8 36. h3 Qe2 37. Kh4 h5 38. Kg3 Qxe3+ 39. Kh2 Qxf4+ 40. Kg1 Bxd4+
0-1

[Event "Under 1300 knightworm78 Invitational #3"]
[Site "SchemingMind.com"]
[Date "2019.04.01"]
[Round "-"]
[White "nammy"]
[Black "Bacon"]
[Result "0-1"]
[WhiteCountry "ENG"]
[BlackCountry "BER"]
[WhiteElo "841"]
[WhiteRD "76"]
[BlackElo "1140"]
[BlackRD "90"]
[GameID "439794"]

1. d4 d5 2. e3 Nc6 3. Nf3 Bg4 4. Qd2 Qd6 5. Nh4 Nf6 6. f3 Bh5 7. Nf5 Qb4 8. c3 Qa5 9. a3 e6 10. Nh4 Qb6
11. b3 Qxb3 12. Kf2 a6 13. Rg1 b5 14. Be2 a5 15. h3 a4 16. Qd3 g5 17. Nd2 Qc4 18. Qc2 Qxe2+ 19. Kxe2 gxh4 20. g4 hxg3
21. Rxg3 Bd6 22. Rg2 Ne7 23. Rb1 c6 24. Nf1 Nf5 25. Kf2 Nh4 26. Rg1 Nxf3 27. Rg2 Bg6 28. Kxf3 Bxc2 29. Rxc2 h5 30. Nd2 h4
31. Bb2 Rh5 32. Bc1 Rf5+ 33. Ke2 Bg3 34. Bb2 Rf2+ 35. Kd3 Rh2 36. c4 bxc4+ 37. Kc3 Rxh3 38. Rf1 Ne4+ 39. Kb4 Nf2 40. Kc5 Rh1
41. Rfc1 Rxc1 42. Rxc1 Nd3+ 43. Kxc6 Nxc1 44. Bxc1 Ke7 45. Kb7 Rf8 46. Nf3 Rg8 47. Bd2 h3 48. Bb4+ Kf6 49. Kc6 h2 50. Kd7 h1=Q
51. Be7+ Kf5 52. Ne5 c3 53. Nxf7 c2 54. Nd6+ Bxd6 55. Bxd6 c1=Q 56. Be7 Qh2 57. Bd6 Qh7+ 58. Be7 Rg7 59. Kd6 Qxa3+ 60. Kd7 Rxe7+
61. Kd8 Qd6+ 62. Kc8 Re8#
0-1

[Event "Under 1300 knightworm78 Invitational #3"]
[Site "SchemingMind.com"]
[Date "2019.03.31"]
[Round "-"]
[White "Martin E. Hardwick"]
[Black "nammy"]
[Result "1-0"]
[WhiteCountry "ENG"]
[BlackCountry "ENG"]
[WhiteElo "1251"]
[WhiteRD "98"]
[BlackElo "848"]
[BlackRD "75"]
[GameID "439795"]

1. d4 d5 2. Nf3 f6 3. Bf4 Nc6 4. Nc3 Be6 5. e3 Qd7 6. Be2 h6 7. O-O O-O-O 8. a3 Bf7 9. Bb5 g5 10. Bg3 Bg7
11. h3 a6 12. Bxc6 Qxc6 13. Re1 b5 14. e4 e6 15. exd5 Qd7 16. dxe6 Bxe6 17. d5 Bf7 18. d6 cxd6 19. Qxd6 a5 20. Qb8#
1-0

[Event "Under 1300 knightworm78 Invitational #3"]
[Site "SchemingMind.com"]
[Date "2019.03.31"]
[Round "-"]
[White "malcolm chugg"]
[Black "nammy"]
[Result "1-0"]
[WhiteCountry "WLS"]
[BlackCountry "ENG"]
[WhiteElo "1235"]
[WhiteRD "54"]
[BlackElo "848"]
[BlackRD "75"]
[GameID "439796"]

1. f4 d5 2. d4 Nd7 3. Nc3 c6 4. e4 e6 5. e5 Be7 6. Qg4 Nh6 7. Qxg7 Rf8 8. Qxh6 c5 9. dxc5 d4 10. Nce2 Nxc5
11. Qxh7 Qa5+ 12. Bd2 Qa6 13. Nxd4 Qb6 14. O-O-O a5 15. Qh3 Ne4 16. Ngf3 Nf2 17. Qh5 Nxh1 18. Bb5+ Kd8 19. c4 Kc7 20. Rxh1 a4
21. Be3 Qc5 22. Nxe6+ fxe6 23. Bxc5 Rd8 24. Bxe7 Rg8 25. g3 b6 26. Qf7 Rg4 27. Bd6+ Kd8 28. Qe7#
1-0

[Event "Under 1300 knightworm78 Invitational #3"]
[Site "SchemingMind.com"]
[Date "2019.04.01"]
[Round "-"]
[White "nammy"]
[Black "James Reed"]
[Result "0-1"]
[WhiteCountry "ENG"]
[BlackCountry "ENG"]
[WhiteElo "841"]
[WhiteRD "76"]
[BlackElo "1287"]
[BlackRD "80"]
[GameID "439797"]

1. d4 d5 2. e3 Nf6 3. Nc3 Nc6 4. g3 a6 5. f3 h6 6. Nge2 Bf5 7. h3 e6 8. Rg1 Bb4 9. g4 Bg6 10. Kf2 O-O
11. Na4 b5 12. Nac3 Re8 13. h4 Qe7 14. Nb1 Ba5 15. Ng3 Qd6 16. h5 Bh7 17. a3 Ne7 18. Kg2 c6 19. f4 Ne4 20. b3 Nxg3
21. Kxg3 Be4 22. Nd2 Bxd2 23. Bxd2 a5 24. b4 a4 25. Kh4 Rab8 26. Rg3 Rec8 27. g5 Nf5+ 28. Kh3 Nxg3 29. Kxg3 Ra8 30. Be2 Re8
31. Qg1 hxg5 32. Kf2 e5 33. fxg5 Qe6 34. c3 Qf5+ 35. Ke1 Qh7 36. Qh2 g6 37. h6 exd4 38. cxd4 Bf5 39. Rc1 Rac8 40. Bf3 Re7
41. Qh4 Rcc7 42. Kf1 Bd3+ 43. Kg1 f5 44. gxf6 Rf7 45. Bg4 Rce7 46. Rxc6 Bf5 47. Bf3 Rc7 48. Ra6 Ra7 49. Rc6 Rac7 50. Rc3 Rxc3
51. Bxc3 Be6 52. Qe1 Qxh6 53. Be2 Rxf6 54. Bxb5 Qg5+ 55. Kh2 Qh5+ 56. Kg2 Rf3 57. Bxa4 Qg4+ 58. Kh2 Rh3#
0-1

[Event "Under 1300 knightworm78 Invitational #3"]
[Site "SchemingMind.com"]
[Date "2019.03.31"]
[Round "-"]
[White "Henk Miedema"]
[Black "nammy"]
[Result "1-0"]
[WhiteCountry "NED"]
[BlackCountry "ENG"]
[WhiteElo "888"]
[WhiteRD "76"]
[BlackElo "841"]
[BlackRD "76"]
[GameID "439798"]

1. d4 d5 2. e3 e6 3. Nf3 f6 4. Be2 Bd6 5. O-O c6 6. Bd2 Ne7 7. b3 O-O 8. Bc3 a6 9. Qd2 Nd7 10. a3 b6
11. b4 Ng6 12. a4 Bb7 13. a5 Qc7 14. Bd3 f5 15. Ng5 h6 16. Nxe6 Qc8 17. Na3 Rf7 18. Qe2 Qe8 19. b5 Qxe6 20. bxa6 Bc8
21. Rfb1 Nh4 22. Rb2 Bc7 23. axb6 Nxb6 24. Bb4 Na4 25. Rba2 Bb8 26. Bc5 Nc3 27. Qd2 Na4 28. Bb4 Nb6 29. g3 Nf3+ 30. Kg2 Nxd2
31. c3 Nd7 32. Rxd2 Qe8 33. Re2 Nb6 34. Bc5 Na4 35. Bb4 Qe6 36. Bc2 Nb6 37. Bd3 Qd7 38. Bc5 Na4 39. Bb4 Qe6 40. c4 dxc4
41. Bc2 Nb6 42. Bc3 Nd5 43. Nxc4 Raa7 44. Bb3 Nxc3 45. Rc2 Ne4 46. Ne5 Qxb3 47. Rxc6 Qb2 48. Rxc8+ Kh7 49. Rd1 Qxf2+ 50. Kh3 Qxg3+
51. hxg3 Rfe7 52. Rxb8 Rxa6 53. g4 Rf6 54. Rf1 Ree6 55. Nd7 Nd6 56. Nxf6+ Rxf6 57. Rb6 g6 58. Rc1 g5 59. Rbc6 f4 60. R1c3 f3
61. Rc7+ Kg6 62. Rc2 Ne4 63. Re7 f2 64. Rc1 Rf3+ 65. Kg2 Rg3+ 66. Kh2 Rxg4 67. Re6+ Kh5 68. Rcc6 Kh4 69. Rc1 Nd2 70. Rxh6#
1-0

[Event "Under 1300 knightworm78 Invitational #3"]
[Site "SchemingMind.com"]
[Date "2019.03.30"]
[Round "-"]
[White "Bacon"]
[Black "Martin E. Hardwick"]
[Result "1-0"]
[WhiteCountry "BER"]
[BlackCountry "ENG"]
[WhiteElo "1162"]
[WhiteRD "96"]
[BlackElo "1251"]
[BlackRD "98"]
[GameID "439799"]

1. e4 e5 2. Nf3 d6 3. d4 Be7 4. d5 Bd7 5. c4 Nf6 6. Nc3 O-O 7. b4 c6 8. a4 cxd5 9. exd5 e4 10. Ng5 h6
11. Ngxe4 Bg4 12. f3 Nxe4 13. Nxe4 Bd7 14. b5 Qc7 15. Rb1 Bf5 16. Bf4 Rd8 17. Qd4 Bxe4 18. Qxe4 Re8 19. Bd3 Bf6 20. Qxe8#
1-0

[Event "Under 1300 knightworm78 Invitational #3"]
[Site "SchemingMind.com"]
[Date "2019.03.30"]
[Round "-"]
[White "Martin E. Hardwick"]
[Black "Henk Miedema"]
[Result "1-0"]
[WhiteCountry "ENG"]
[BlackCountry "NED"]
[WhiteElo "1251"]
[WhiteRD "98"]
[BlackElo "930"]
[BlackRD "75"]
[GameID "439800"]

1. e4 e5 2. Nf3 Nf6 3. d3 Bc5 4. Bg5 d6 5. a3 Ng4 6. Bxd8 Nxf2 7. Qe2 Nxh1 8. Bh4 Bb6 9. Nc3 Bf2+ 10. Bxf2 Nxf2
11. Qxf2 O-O 12. O-O-O Nc6 13. h3 f5 14. Be2 f4 15. d4 a5 16. d5 Ne7 17. Ng5 c6 18. dxc6 bxc6 19. Rxd6 Bb7 20. Ne6 Rf6
21. Rd8+ Kf7 22. Ng5+ Kg6 23. Rxa8 Bxa8 24. h4 Bb7 25. Qc5 h6 26. Qxe7 Bc8 27. Qe8+ Rf7 28. Qxf7#
1-0

[Event "Under 1300 knightworm78 Invitational #3"]
[Site "SchemingMind.com"]
[Date "2019.03.30"]
[Round "-"]
[White "Bacon"]
[Black "malcolm chugg"]
[Result "1-0"]
[WhiteCountry "BER"]
[BlackCountry "WLS"]
[WhiteElo "1162"]
[WhiteRD "96"]
[BlackElo "1235"]
[BlackRD "54"]
[GameID "439801"]

1. e4 e5 2. Nf3 d6 3. d4 Bg4 4. h3 Be6 5. dxe5 d5 6. exd5 Bf5 7. c4 Bxb1 8. Rxb1 c6 9. d6 Qd7 10. Be2 h6
11. c5 Qe6 12. b3 Nd7 13. Bf4 g5 14. Be3 Nxe5 15. Nxe5 Bg7 16. Qd4 Bxe5 17. Qd2 Nf6 18. Rd1 Kd7 19. Bc4 Qe8 20. O-O g4
21. h4 h5 22. g3 Ne4 23. Qd3 Nxd6 24. Bd4 Bxd4 25. Qxd4 Rd8 26. Qxd6+ Kc8 27. Qf4 Rf8 28. Qf5+ Kb8 29. Qxh5 Rg8 30. Bxf7 Qe4
31. Bxg8 Rxg8 32. a3 Qc2 33. Qf7 Rc8 34. Qf4+ Ka8 35. Qxg4 Qxb3 36. a4 Rg8 37. Qe4 a6 38. Qf4 Qc3 39. Rd7 Qa5 40. Qf7 Rb8
41. Rfd1 Qb4 42. Qe7 Ka7 43. Rd8 Qa5 44. R1d7 Rxd8 45. Qxd8 Qxd8 46. Rxd8
1-0

[Event "Under 1300 knightworm78 Invitational #3"]
[Site "SchemingMind.com"]
[Date "2019.03.30"]
[Round "-"]
[White "malcolm chugg"]
[Black "Martin E. Hardwick"]
[Result "1/2-1/2"]
[WhiteCountry "WLS"]
[BlackCountry "ENG"]
[WhiteElo "1258"]
[WhiteRD "53"]
[BlackElo "1237"]
[BlackRD "82"]
[GameID "439802"]

1. f4 e6 2. g3 d5 3. Bg2 Bc5 4. e3 c6 5. d4 Bb4+ 6. Bd2 Bxd2+ 7. Nxd2 Nf6 8. h3 Na6 9. c3 c5 10. g4 cxd4
11. exd4 Qd6 12. Ne2 b6 13. c4 Qb4 14. Qb3 Qxb3 15. Nxb3 Bb7 16. Nd2 Nb4 17. O-O O-O 18. a3 Nd3 19. b3 Ne4 20. Nxe4 dxe4
21. Rfd1 Rab8 22. Ng3 e3 23. Rxd3 Bxg2 24. Kxg2 Rfd8 25. Re1 e5 26. Rexe3 exf4 27. Re7 fxg3 28. Kxg3 Kf8 29. Rxa7 h6 30. d5 Ke8
31. Ra4 Rb7 32. Rd4 Re7 33. Ra6 Re3+ 34. Kg2 Rxb3 35. Kh2 Rb2+ 36. Kg1 Rb1+ 37. Kf2 Rb2+ 38. Kg1 Rb1+ 39. Kg2 Rb2+ 40. Kg1 Rb1+
41. Kf2 Rb2+ 42. Kf3 Rb3+ 43. Ke4 Rxh3 44. Rxb6 Rh4 45. Kf4 Ra8 46. Re4+ Kd7 47. Rb7+ Kd8 48. Rxf7 g5+ 49. Kf5 Rxa3 50. Ke6 Ra6+
51. d6 Rc6 52. Rd7+ Kc8 53. Re5 Rxg4 54. Ra5 Re4+ 55. Kd5 Rexc4 56. Rc7+ Rxc7 57. dxc7 Rxc7 58. Ra8+ Kb7 59. Rh8 Rc6 60. Rh7+ Kb6
61. Rh8 g4 62. Rb8+ Kc7 63. Rg8 Rd6+ 64. Ke4 h5 65. Kf4 Rf6+ 66. Kg5 Rf3 67. Rg7+ Kd6 68. Rg6+ Ke5 69. Ra6 Rf5+ 70. Kh4 Kf4
71. Ra4+ Kf3 72. Ra3+ Kf4 73. Ra4+ Kf3 74. Ra3+ Kf4=
1/2-1/2

[Event "Under 1300 knightworm78 Invitational #3"]
[Site "SchemingMind.com"]
[Date "2019.04.01"]
[Round "-"]
[White "James Reed"]
[Black "malcolm chugg"]
[Result "1-0"]
[WhiteCountry "ENG"]
[BlackCountry "WLS"]
[WhiteElo "1294"]
[WhiteRD "85"]
[BlackElo "1235"]
[BlackRD "54"]
[GameID "439803"]

1. e4 e5 2. Nf3 d6 3. d4 Qe7 4. h3 Bd7 5. Nc3 c6 6. a3 b5 7. Be2 f6 8. Be3 g5 9. Qd2 Qe6 10. d5 cxd5
11. Nxd5 Kd8 12. Qa5+ Ke8 13. Nc7+ Kf7 14. Nxe6 Kxe6 15. O-O a6 16. Qb4 Nc6 17. Qb3+ Ke7 18. Rfd1 Na5 19. Qd5 Bc6 20. Qxd6+ Kf7
21. Qc7+ Be7 22. Qxa5 Nh6 23. Qc3 Rac8 24. Qb3+ Kg7 25. Qe6 Rc7 26. Nxe5 Bxe4 27. Rd7
1-0

[Event "Under 1300 knightworm78 Invitational #3"]
[Site "SchemingMind.com"]
[Date "2019.03.30"]
[Round "-"]
[White "malcolm chugg"]
[Black "Henk Miedema"]
[Result "1-0"]
[WhiteCountry "WLS"]
[BlackCountry "NED"]
[WhiteElo "1235"]
[WhiteRD "54"]
[BlackElo "930"]
[BlackRD "75"]
[GameID "439804"]

1. f4 d5 2. Nf3 e6 3. d4 Nf6 4. e3 Bb4+ 5. c3 Bd6 6. Bd3 O-O 7. Ne5 Qe8 8. b3 Qe7 9. Qf3 c6 10. g4 c5
11. g5 Ne8 12. Qh5 Bxe5 13. dxe5 Nc6 14. Qxh7#
1-0

[Event "Under 1300 knightworm78 Invitational #3"]
[Site "SchemingMind.com"]
[Date "2019.04.01"]
[Round "-"]
[White "James Reed"]
[Black "Bacon"]
[Result "1-0"]
[WhiteCountry "ENG"]
[BlackCountry "BER"]
[WhiteElo "1294"]
[WhiteRD "85"]
[BlackElo "1162"]
[BlackRD "96"]
[GameID "439805"]

1. e4 Nf6 2. e5 Ne4 3. d3 Nxf2 4. Kxf2 Nc6 5. Nf3 d6 6. Be2 Nxe5 7. Nxe5 dxe5 8. Rf1 f5 9. Kg1 e6 10. Nc3 f4
11. a3 Qd4+ 12. Kh1 Bc5 13. Bf3 O-O 14. Ne2 Qa4 15. Nc3 Qa5 16. Bd2 g5 17. Ne4 Qb5 18. Nxc5 Qxc5 19. Bb4 Qb5 20. Bxf8 Kxf8
21. b3 a6 22. Qd2 c5 23. a4 Qe8 24. Qe2 Bd7 25. Qxe5 h6 26. Qh8+ Ke7 27. Qxh6 Qg8 28. Bxb7 Rf8 29. Be4 Kd6 30. Qh7 Qxh7
31. Bxh7 e5 32. c3 Bf5 33. Bxf5 Rxf5 34. Rae1 a5 35. Kg1 g4 36. g3 f3 37. Kf2 Kd5 38. Ke3 Rf6 39. c4+ Kc6 40. Rb1 Kb6
41. Rbc1 Kc6 42. Ke4 Kd6 43. Rc2 Rf7 44. h4 Ke6 45. h5 Rh7 46. Rh1 Kf6 47. h6 Kg6 48. Kxe5 Rxh6 49. Rxh6+ Kxh6 50. Kf5 Kh5
51. Rh2#
1-0

[Event "Under 1300 knightworm78 Invitational #3"]
[Site "SchemingMind.com"]
[Date "2019.04.01"]
[Round "-"]
[White "Martin E. Hardwick"]
[Black "James Reed"]
[Result "1-0"]
[WhiteCountry "ENG"]
[BlackCountry "ENG"]
[WhiteElo "1251"]
[WhiteRD "98"]
[BlackElo "1294"]
[BlackRD "85"]
[GameID "439806"]

1. d4 Nf6 2. Nf3 Nc6 3. Nc3 d5 4. Bg5 h6 5. Bxf6 exf6 6. a3 a6 7. e4 Bg4 8. Be2 Bd6 9. Nxd5 O-O 10. c3 Re8
11. O-O Qe7 12. Nxe7+ Nxe7 13. h3 Bd7 14. Re1 Ng6 15. Bd3 Nf4 16. Bc2 c6 17. e5 Be7 18. Qd2 Nd5 19. c4 Nb6 20. Bb3 Bf5
21. Rac1 Red8 22. Qc3 a5 23. Bc2 Bxc2 24. Qxc2 a4 25. Re2 c5 26. d5 Rd7 27. Rce1 Nc8 28. exf6 Bxf6 29. Re8#
1-0

[Event "Under 1300 knightworm78 Invitational #3"]
[Site "SchemingMind.com"]
[Date "2019.04.01"]
[Round "-"]
[White "Henk Miedema"]
[Black "James Reed"]
[Result "0-1"]
[WhiteCountry "NED"]
[BlackCountry "ENG"]
[WhiteElo "898"]
[WhiteRD "74"]
[BlackElo "1277"]
[BlackRD "88"]
[GameID "439807"]

1. d4 Nf6 2. e3 g6 3. Nf3= d5 4. Bd3 Bg7 5. Ne5 O-O 6. O-O Nc6 7. Nxc6 bxc6 8. Nc3 Re8 9. Qe2 a6 10. e4 Be6
11. e5 Nd7 12. Bd2 Rb8 13. b3 Nb6 14. Bxa6 Bc8 15. Bd3 e6 16. f4 Qe7 17. Qg4 f5 18. Qd1 Ra8 19. Be1 Ba6 20. Qe2 Bh6
21. Bxa6 Nd7 22. Bb7 Rab8 23. Bxc6 Rb6 24. Ba4 c6 25. Nd1 Nb8 26. Ba5 Ra6 27. Qd2 Bf8 28. b4 Bh6 29. Bb3 Nd7 30. Nc3 Ra7
31. b5 Rxa5 32. a4 Raa8 33. bxc6 Qb4 34. Nb1 Qxd2 35. Nxd2 Nb6 36. c3 Rec8 37. a5 Nc4 38. Bxc4 dxc4 39. Nxc4 Rxc6 40. Nb6 Ra6
41. Nd7 Rc8 42. Ra3 Bg7 43. Rc1 Bh6 44. Nf6+ Kg7 45. c4 Bxf4 46. Nd7 Bxc1 47. Ra4 Be3+ 48. Kf1 Bxd4 49. Ke2 Bc3 50. Nb6 Rd8
51. c5 Rd2+ 52. Kf3 Bd4 53. Nc4 Rf2+ 54. Kg3 Bxc5 55. Ra3 Bxa3 56. Kxf2 Bb4 57. Kf3 Bxa5 58. g3 Bc3 59. Kf4 Ra4 60. Ke3 Rxc4
61. Kd3 Rc5 62. Kc2 Bxe5+ 63. Kd3 h5 64. Ke3= g5 65. Kf3 Bc7 66. h3 Kg6 67. g4 Rc3+ 68. Kg2 fxg4 69. hxg4 hxg4 70. Kh1 e5
71. Kg2 e4
0-1

[Event "Under 1300 knightworm78 Invitational #3"]
[Site "SchemingMind.com"]
[Date "2019.03.30"]
[Round "-"]
[White "Bacon"]
[Black "Chessibelle"]
[Result "0-1"]
[WhiteCountry "BER"]
[BlackCountry "ENG"]
[WhiteElo "1162"]
[WhiteRD "96"]
[BlackElo "1194"]
[BlackRD "59"]
[GameID "439808"]

1. e4 e5 2. Nf3 Nc6 3. Nc3 d6 4. Nd5 g6 5. c4 Bg7 6. b4 a6 7. d3 Nf6 8. Bg5 O-O 9. Qa4 Bd7 10. Be2 Re8
11. h4 Ne7 12. Qa5 b6 13. Qa3 Nc6 14. Rh3 Bxh3 15. gxh3 Qd7 16. O-O-O Qxh3 17. Ng1 Qe6 18. Nf3 Qg4 19. Qb2 h6 20. Nxc7 hxg5
21. Nxa8 Rxa8 22. a3 Bh6 23. Rg1 Qd7 24. c5 g4+ 25. Kd1 Qc7 26. d4 Nxe4 27. Ng5 Nxf2+ 28. Ke1 Nh3 29. Rg3 Nxg5 30. hxg5 Bxg5
31. Rxg4 f6 32. Bd3 Qd7 33. Re4 Qh3 34. dxe5 Qxd3 35. e6 Qxe4+ 36. Kd1 Qxe6 37. Kc2 Re8 38. Qb3 Nd4+
0-1

[Event "Under 1300 knightworm78 Invitational #3"]
[Site "SchemingMind.com"]
[Date "2019.03.31"]
[Round "-"]
[White "nammy"]
[Black "Chessibelle"]
[Result "0-1"]
[WhiteCountry "ENG"]
[BlackCountry "ENG"]
[WhiteElo "859"]
[WhiteRD "78"]
[BlackElo "1146"]
[BlackRD "57"]
[GameID "439809"]

1. d4 d5 2. Nc3 e6 3. g3 Be7 4. g4 Nf6 5. Nf3 O-O 6. h3 Nc6 7. Nh2 h6 8. Be3 g5 9. Qd3 e5 10. Bg2 Nb4
11. Qd2 a6 12. Nf3 c6 13. Na4 b5 14. Nc3 a5 15. Nxe5 Bd6 16. f4 Be6 17. Nf3 Ne4 18. Nb1 c5 19. Qc1 f5 20. Na3 Qb6
21. h4 Nc6 22. Bh3 Be7 23. Kf1 Ng3+ 24. Kg1 Nxe2+ 25. Kf2 Nxc1 26. Raxc1 cxd4 27. Bd2 Bc5 28. hxg5 d3+ 29. Kg3 Rf7 30. gxh6 Kh7
31. g5 Be7 32. cxd3 b4 33. Nc2 Bd6 34. Rhe1 Re8 35. Nh4 Qc5 36. g6+ Kxh6 37. Be3 d4 38. Bd2 Rff8 39. Kh2 Qd5 40. Ra1 Be7
41. Bc1 Bxh4 42. Rg1 Qf3 43. g7 Qf2+ 44. Kh1 Bd5+ 45. Bg2 Ne7 46. Bxd5 Rf6 47. Bd2 Qxd2 48. Nxd4 Nxd5 49. Nf3 Qxf4 50. Rgf1 Rg8
51. b3 Rxg7 52. d4 Qg3 53. Nd2 Qg2#
0-1

[Event "Under 1300 knightworm78 Invitational #3"]
[Site "SchemingMind.com"]
[Date "2019.03.31"]
[Round "-"]
[White "Chessibelle"]
[Black "Martin E. Hardwick"]
[Result "0-1"]
[WhiteCountry "ENG"]
[BlackCountry "ENG"]
[WhiteElo "1194"]
[WhiteRD "59"]
[BlackElo "1251"]
[BlackRD "98"]
[GameID "439810"]

1. Nf3 Nc6 2. e3 e5 3. e4 Nf6 4. Be2 Nxe4 5. O-O d5 6. d4 Bd6 7. g3 Bh3 8. Re1 Nxd4 9. Nxd4 exd4 10. Qxd4 c6
11. Qxg7 Rf8 12. Qxh7 Qd7 13. Qh5 O-O-O 14. Qf3 Rh8 15. Qe3 Bg4 16. Qxa7 Qc7 17. b3 Bxg3 18. Bxg4+ Rd7 19. Qd4 Be5 20. Qe3 Bxh2+
21. Kf1 Rg8 22. Qh3 Be5 23. Qh7 Rxg4 24. Qh3 Rg7 25. Nd2 Bxa1 26. Nf3 Bc3 27. Re2 Bf6 28. Bh6 Rh7 29. Nh2 Bg5 30. Ng4 Nd2+
31. Ke1 Kb8 32. Re8+ Ka7 33. Re2 Re7 34. Qd3 Rxh6 35. Qd4+ Kb8 36. Qg7 Rh1#
0-1

[Event "Under 1300 knightworm78 Invitational #3"]
[Site "SchemingMind.com"]
[Date "2019.03.31"]
[Round "-"]
[White "Chessibelle"]
[Black "malcolm chugg"]
[Result "1/2-1/2"]
[WhiteCountry "ENG"]
[BlackCountry "WLS"]
[WhiteElo "1194"]
[WhiteRD "59"]
[BlackElo "1235"]
[BlackRD "54"]
[GameID "439811"]

1. Nf3 Nf6 2. d4 d5 3. e3 e6 4. Bd2 Ne4 5. Be2 Bd6 6. O-O Nc6 7. c3 O-O 8. Be1 g5 9. a3 f6 10. h3 Bd7
11. Bd3 Qe8 12. b4 h5 13. g4 f5 14. Nxg5 Qg6 15. Nxe4 e5 16. Nc5 Bxc5 17. bxc5 e4 18. Be2 Ne7 19. f3 a6 20. Qb3 Ra7
21. c4 c6 22. Nc3 Be6 23. Qb6 Nc8 24. Qb2 Qg5 25. Bf2 hxg4 26. Kh2 Kh8 27. Kg3 f4+ 28. exf4 Qf5 29. Be3 gxf3 30. Bxf3 Qxh3+
31. Kf2 Qxf3+ 32. Ke1 Qxe3+ 33. Ne2 Bg4 34. Rh1+ Kg7 35. Ra2 Ne7 36. Qc2 Bxe2 37. Qxe2 Qxe2+ 38. Rxe2 Rxf4 39. Rg2+ Kf6 40. Rh6+ Kf5
41. Rh5+ Kf6 42. Ke2 Rf5 43. Rh6+ Kf7 44. Rh7+ Kf8 45. Rgg7 b6 46. Rg4 Rf7 47. Rh8+ Ng8 48. Rgxg8+ Ke7 49. Re8+ Kd7 50. cxb6 Rb7
51. Rd8+ Ke6 52. Rde8+ Kd7 53. Rd8+ Ke6=
1/2-1/2

[Event "Under 1300 knightworm78 Invitational #3"]
[Site "SchemingMind.com"]
[Date "2019.04.01"]
[Round "-"]
[White "James Reed"]
[Black "Chessibelle"]
[Result "1-0"]
[WhiteCountry "ENG"]
[BlackCountry "ENG"]
[WhiteElo "1294"]
[WhiteRD "85"]
[BlackElo "1194"]
[BlackRD "59"]
[GameID "439812"]

1. e4 e5 2. Nf3 Nc6 3. Bc4 h6 4. Nc3 Nf6 5. h3 Be7 6. d3 O-O 7. a3 b6 8. Be3 Nh5 9. Qd2 Bf6 10. g4 Nf4
11. Bxf4 exf4 12. O-O-O Ne5 13. Nxe5 Bxe5 14. Rde1 d6 15. f3 c5 16. Bd5 Rb8 17. Bc4 g5 18. Kb1 a6 19. Bd5 Bd7 20. Bc4 b5
21. Bd5 Qb6 22. Bb3 a5 23. h4 Ra8 24. Nd5 Qd8 25. h5 b4 26. axb4 a4 27. Bc4 Qb8 28. Qc1 Qa7 29. c3 a3 30. Ka2 Bc6
31. Qc2 Ba4 32. Bb3 Qd7 33. Nb6 Qb7 34. Nxa8 Rxa8 35. Bxa4 cxb4 36. Bb3 Qc7 37. Rd1 Bf6 38. d4 Qb7 39. Bd5 Qb5 40. Bxa8 Qc4+
41. Qb3 Qe2 42. cxb4 Qa6 43. Bd5 Kf8 44. Qxa3 Qe2 45. Qa8+ Kg7 46. Qa3 Qc2 47. Qb3 Qc7 48. Qa4 Bd8 49. Qe8
1-0

[Event "Under 1300 knightworm78 Invitational #3"]
[Site "SchemingMind.com"]
[Date "2019.03.31"]
[Round "-"]
[White "Chessibelle"]
[Black "Henk Miedema"]
[Result "1-0"]
[WhiteCountry "ENG"]
[BlackCountry "NED"]
[WhiteElo "1194"]
[WhiteRD "59"]
[BlackElo "930"]
[BlackRD "75"]
[GameID "439813"]

1. Nf3 d5 2. d4 e6 3. e3 Nf6 4. Be2 Ne4 5. O-O Be7 6. b3 O-O 7. Bb2 Nc6 8. Nbd2 a6 9. g3 Bb4 10. Nxe4 b5
11. c3 Be7 12. b4 a5 13. a4 dxe4 14. Nd2 Bd6 15. Bxb5 Ne7 16. Nxe4 axb4 17. c4 Bb7 18. c5 Bxe4 19. cxd6 Qxd6 20. Qg4 Bf5
21. Qf3 Bh3 22. Rfe1 f5 23. Rad1 Nd5 24. Qe2 Bg4 25. f3 c6 26. Bd3 Bh5 27. e4 Rxa4 28. Rf1 f4 29. e5 Qd8 30. Qe4 Qa8
31. Qxh7+ Kf7 32. Qxh5+ Ke7 33. Qg5+ Kd7 34. Qxg7+ Ke8 35. Bg6+ Kd8 36. Qxf8+ Kc7 37. Qd6+ Kb6 38. Qc5+ Kc7 39. Qd6+ Kb6 40. Rc1 Ra7
41. Qc5+ Kc7 42. Qc2 Ne3 43. Qb3 Rb7 44. Qxe6 Nxf1 45. Qxc6+ Kd8 46. Qe8#
1-0